Psicologia del desarrollo : De la infancia a la adolescencia
| Main Authors: | , , |
|---|---|
| Format: | Section = Libro |
| Language: | Undetermined Spanish |
| Published: |
México
México
2009
|
| Edition: | 11a.ed. |
| Subjects: |
| LEADER | 00744nam a2200253Ia 4500 | ||
|---|---|---|---|
| 008 | 240830s9999 xx 000 0 und d | ||
| 020 | |a 978-970-10-6889-2 | ||
| 040 | |a B-ESTELÍ- RUACS / 155.4 P213 | ||
| 041 | |a spa | ||
| 082 | |a 155.4 P213 | ||
| 100 | 1 | |a Papalia, Diane E | |
| 100 | 1 | |b Wendkos Olds, Sally | |
| 100 | 1 | |c Duskin Feldman, Ruth | |
| 245 | 1 | 0 | |a Psicologia del desarrollo : De la infancia a la adolescencia |
| 250 | |a 11a.ed. | ||
| 260 | |a México |b México |c 2009 | ||
| 300 | |a 652 p:il | ||
| 650 | 7 | |a PSICOLOGIA | |
| 650 | 7 | |b ESTUDIO DEL MUNDO DE LOS NIÑOS | |
| 650 | 7 | |c EMBARAZO Y DESARROLLO PRENATAL | |
| 650 | 7 | |d DESARROLLO COGNITIVO DURANTE LOS PRIMEROS 3 AÑOS | |
| 942 | |c BK |2 ddc | ||
| 991 | |a TEXTO | ||
| 999 | |c 10623 | ||